Pierre et Gilles : the complete works = l'oeuvre complet = sämtliche werke, 1976-1996 /
محفوظ في:
| المؤلف الرئيسي: | |
|---|---|
| مؤلفون آخرون: | , |
| التنسيق: | كتاب |
| اللغة: | الإنجليزية الفرنسية الألمانية |
| منشور في: |
Köln [etc.] :
Taschen,
1997
|
| الموضوعات: | |
| الوسوم: |
لا توجد وسوم, كن أول من يضع وسما على هذه التسجيلة!
|
MARC
| LEADER | 00000nam a22000007i 4500 | ||
|---|---|---|---|
| 001 | IT\ICCU\CFI\0340950 | ||
| 003 | ItRI | ||
| 005 | 20240911095408.0 | ||
| 008 | 980406s1997 gw |||||| ||||| |||||c | ||
| 020 | |a 3822880957 | ||
| 040 | |b ita |c CDM | ||
| 041 | 7 | |a eng |a fre |a ger |2 ISO-639-2 | |
| 100 | 0 | |a Pierre et Gilles |0 IT\ICCU\UBOV\380614 |4 aut | |
| 245 | 1 | 0 | |a Pierre et Gilles : |b the complete works = l'oeuvre complet = sämtliche werke, 1976-1996 / |c Bernard Marcadé, Dan Cameron. |
| 260 | |a Köln [etc.] : |b Taschen, |c 1997 | ||
| 300 | |a 354 p. : |b in gran parte ill. ; |c 31 cm | ||
| 500 | |a Testo anche in francese e tedesco. | ||
| 650 | 7 | |a Pierre et Gilles |x Opere |x 1976-1996 |2 nsbncf | |
| 700 | 1 | |a Cameron, Dan |0 IT\ICCU\CFIV\123542 | |
| 700 | 1 | |a Marcadé, Bernard |0 IT\ICCU\RAVV\091629 | |
| 942 | |2 ddc |c BK | ||
| 952 | |0 0 |1 0 |2 ddc |4 0 |6 770_900000000000000_PIE |7 1 |9 1964 |a RA |b RA |d 2024-09-11 |l 0 |o 770.9 PIE |p 9562 |r 2024-09-11 09:55:59 |w 2024-09-11 |y BK |z Donazione di Pietro Brentini | ||
| 981 | 1 | |6 z01 |a i |b xxxe | |
| 982 | 1 | |6 z01 |a n | |
| 999 | |c 1743 |d 1743 | ||